[Event "43. Turnaj sachovych nadeji - Pobeskydi "]
[Site "ND Frydek-Mistek, Czech Republ"]
[Date "2024.03.28"]
[Round "2.14"]
[White "Marjanovic, Gyorgy"]
[Black "Majcher, Igor"]
[Result "1/2-1/2"]
[WhiteElo "2011"]
[BlackElo "1858"]
[PlyCount "50"]
[EventDate "2024.03.28"]

1. d4 Nf6 2. Bf4 c5 3. d5 e6 4. Nc3 exd5 5. Nxd5 Nxd5 6. Qxd5 Qf6 7. Be5 Qe6 8.
Qxe6+ dxe6 9. O-O-O Nc6 10. Bc3 Bd7 11. g3 O-O-O 12. Bg2 f6 13. f4 Kc7 14. Nf3
Bd6 15. Nd2 Rhe8 16. e4 e5 17. Nc4 Be6 18. Nxd6 Rxd6 19. Rxd6 Kxd6 20. Rd1+ Kc7
21. f5 Bf7 22. g4 b5 23. b3 b4 24. Bd2 a5 25. Be3 Nd4 1/2-1/2

[Event "43. Turnaj sachovych nadeji - Pobeskydi "]
[Site "ND Frydek-Mistek, Czech Republ"]
[Date "2024.03.28"]
[Round "2.15"]
[White "Sigut, Ondrej"]
[Black "Miculka, Petr"]
[Result "*"]
[WhiteElo "1855"]
[BlackElo "1999"]
[PlyCount "63"]
[EventDate "2024.03.28"]

1. e4 c5 2. Nf3 a6 3. c3 d5 4. exd5 Qxd5 5. d4 e6 6. Be3 cxd4 7. Qxd4 Qxd4 8.
Nxd4 e5 9. Nb3 Nc6 10. Bd3 f5 11. f3 Nf6 12. O-O Nd5 13. Bf2 Nf4 14. Bc2 Bd6
15. N1d2 O-O 16. Rad1 Be6 17. Rfe1 Rad8 18. Nc5 Bxc5 19. Bxc5 Rfe8 20. Nb3 Kf7
21. Bb6 Rxd1 22. Rxd1 Nd5 23. Bf2 b6 24. Bxf5 Ra8 25. Bd3 a5 26. Bc2 a4 27. Nd2
a3 28. Ne4 h6 29. bxa3 Na5 30. Bb3 Nxb3 31. axb3 Nf4 32. c4 *

[Event "Pobeskydi 2024"]
[Site "Frydek-Mistek, Czech Republic"]
[Date "2024.03.29"]
[Round "3.2"]
[White "Walek, Petr"]
[Black "Lecki, Leonard"]
[Result "1-0"]
[WhiteElo "2272"]
[BlackElo "2038"]
[PlyCount "115"]
[EventDate "2024.??.??"]

1. Nf3 d5 2. d4 Nf6 3. e3 c5 4. Nbd2 Nc6 5. c3 cxd4 6. exd4 Bf5 7. Nh4 Bg4 8.
Qb3 Qd7 9. Nhf3 Rc8 10. Bd3 Qc7 11. O-O e6 12. Ne5 Nxe5 13. dxe5 Nd7 14. Qa4
Bh5 15. Re1 Be7 16. Nb3 Bg6 17. Bxg6 hxg6 18. Bf4 Rh4 19. g3 Rh5 20. g4 Rh8 21.
Nd4 a6 22. Bg3 g5 23. Qd1 Kf8 24. Qd2 Nc5 25. f3 b5 26. b3 Kg8 27. Re3 Qb6 28.
Kg2 a5 29. Rc1 g6 30. Bf2 Kg7 31. Ree1 Qb7 32. Be3 Qd7 33. b4 Na4 34. Bxg5 Bxg5
35. Qxg5 Nxc3 36. Qf6+ Kh7 37. bxa5 Nxa2 38. Ra1 Rc4 39. Red1 Nc3 40. Rd3 Kg8
41. a6 Na4 42. Kg3 Rb4 43. h4 Qc7 44. Nxe6 fxe6 45. Qxg6+ Qg7 46. Qxe6+ Qf7 47.
Qxd5 Kg7 48. Qxf7+ Kxf7 49. Rc1 Rc4 50. Re1 Nc5 51. Rd6 Ra8 52. Rb6 Rxa6 53.
Rxb5 Ra3 54. e6+ Nxe6 55. Rf5+ Ke7 56. h5 Kd7 57. Rf7+ Ke8 58. Rf6 1-0

[Event "Pobeskydi 2024"]
[Site "Frydek-Mistek, Czech Republic"]
[Date "2024.03.29"]
[Round "3.5"]
[White "Kratochvil, Vit"]
[Black "Zeleny, Tomas"]
[Result "1-0"]
[WhiteElo "2203"]
[BlackElo "1968"]
[PlyCount "47"]
[EventDate "2024.??.??"]

1. Nf3 Nf6 2. c4 g6 3. b3 Bg7 4. Bb2 d6 5. d4 Nbd7 6. Nc3 O-O 7. e3 e5 8. Be2
Re8 9. h3 a6 10. Qc2 Qe7 11. g4 exd4 12. Nxd4 c6 13. g5 Ne4 14. Nxe4 Qxe4 15.
Qxe4 Rxe4 16. O-O-O Nb6 17. h4 h5 18. gxh6 Bxh6 19. h5 gxh5 20. Rxh5 Bg7 21.
Rg1 Kf8 22. Rxg7 Kxg7 23. Ne6+ Kg6 24. Nf8# 1-0

[Event "Pobeskydi 2024"]
[Site "Frydek-Mistek, Czech Republic"]
[Date "2024.03.29"]
[Round "3.3"]
[White "Bulej, Matej"]
[Black "Turcan, Richard"]
[Result "0-1"]
[WhiteElo "2057"]
[BlackElo "2366"]
[PlyCount "94"]
[EventDate "2024.??.??"]

1. d4 Nf6 2. Nf3 d5 3. c4 c6 4. Nc3 e6 5. Bg5 Nbd7 6. e3 Qa5 7. Nd2 Bb4 8. Qc1
Ne4 9. Ndxe4 dxe4 10. Bh4 c5 11. a3 Bxc3+ 12. Qxc3 Qxc3+ 13. bxc3 b6 14. Be2
Bb7 15. O-O f6 16. Bg3 Ke7 17. a4 a5 18. Bd1 Rac8 19. Bb3 g5 20. Rfd1 Rhd8 21.
Rab1 Ba6 22. Rdc1 f5 23. Rc2 e5 24. dxe5 Nf8 25. Ba2 Rc6 26. f4 exf3 27. gxf3
Ng6 28. f4 gxf4 29. exf4 h5 30. h4 Rd3 31. Kh2 Nh8 32. Rcb2 Bb7 33. Bf2 Rf3 34.
Rxb6 Rxf2+ 35. Kg3 Rf3+ 36. Kxf3 Rxb6+ 37. Kg3 Rxb1 38. Bxb1 Ke6 39. Bc2 Be4
40. Bd1 Bc6 41. Bc2 Nf7 42. Bb3 Nh6 43. Bd1 Ng4 44. Bb3 Be4 45. Bd1 Bd3 46. Bb3
Be2 47. Kh3 Bd1 0-1

[Event "Pobeskydi 2024"]
[Site "Frydek-Mistek, Czech Republic"]
[Date "2024.03.29"]
[Round "3.4"]
[White "Swicarz, Maciej"]
[Black "Kolasinski, Krzysztof"]
[Result "1-0"]
[WhiteElo "2251"]
[BlackElo "2070"]
[PlyCount "99"]
[EventDate "2024.??.??"]

1. e4 c5 2. Nf3 Nc6 3. Bb5 Nf6 4. Nc3 g6 5. e5 Ng4 6. Bxc6 dxc6 7. O-O Bg7 8.
Re1 Qc7 9. d4 cxd4 10. Qxd4 O-O 11. h3 Nh6 12. Qe4 f6 13. Bf4 Qd7 14. Rad1 Qf5
15. exf6 Qxe4 16. Nxe4 exf6 17. Nd6 b6 18. Nd4 c5 19. Nc6 Bd7 20. Ne7+ Kh8 21.
b3 g5 22. Bc1 Be8 23. Nd5 Bg6 24. Nc7 Rab8 25. Ne6 Rg8 26. f4 g4 27. hxg4 Nxg4
28. f5 Bh5 29. Rd3 Bf8 30. Bb2 Bxd6 31. Rxd6 Rbe8 32. Rd7 a5 33. Re3 Rg5 34.
Rf3 h6 35. Nxg5 hxg5 36. Bc3 Kg8 37. Rh3 Bf7 38. Rg3 Bh5 39. Rb7 Re2 40. Rd3
Be8 41. Bd2 Ne5 42. Kf1 Re4 43. Rd8 Nc6 44. Rc8 Nd4 45. Rxb6 Nxf5 46. Rxf6 Nd4
47. c3 Kg7 48. Bxg5 Nc2 49. Rc7+ Kg8 50. Bh6 1-0

[Event "Pobeskydi 2024"]
[Site "Frydek-Mistek, Czech Republic"]
[Date "2024.03.29"]
[Round "3.8"]
[White "Kanakova, Natalie"]
[Black "Sigut, Ondrej"]
[Result "0-1"]
[WhiteElo "2180"]
[BlackElo "1855"]
[PlyCount "142"]
[EventDate "2024.??.??"]

1. Nf3 Nf6 2. c4 e6 3. e3 d5 4. Nc3 Bd6 5. b3 b6 6. Bb2 O-O 7. cxd5 exd5 8. Qc2
Re8 9. Nb5 c5 10. Nxd6 Qxd6 11. d4 Ne4 12. dxc5 bxc5 13. Be2 Ba6 14. O-O Bxe2
15. Qxe2 Nc6 16. Rfd1 Red8 17. Rac1 Rac8 18. Qc2 Nb4 19. Qb1 a5 20. Nd2 Nxd2
21. Rxd2 Qb6 22. a3 Na6 23. Qc2 Rb8 24. Be5 Rb7 25. Rd3 f6 26. Bg3 a4 27. bxa4
c4 28. Rdd1 Nc5 29. Rb1 Qc6 30. Rxb7 Qxb7 31. Rb1 Qc6 32. Rb4 Ra8 33. a5 Nd3
34. Rb6 Qc5 35. Bd6 Qxa5 36. Rb1 Qa6 37. Bb4 Rb8 38. h3 Rb5 39. Qc3 Qb6 40. Kf1
Kf7 41. Ke2 h6 42. g3 Nc5 43. Bxc5 Qxc5 44. Rxb5 Qxb5 45. Kd2 Qb1 46. Qa5 Qd3+
47. Kc1 Kg6 48. Qd2 Qxa3+ 49. Kd1 Qa4+ 50. Ke2 Qb5 51. Kf3 Qc6 52. Qc2+ Kf7 53.
Ke2 Qe6 54. Qb2 Qe4 55. Qd2 Ke6 56. Qc3 g5 57. f3 Qe5 58. Qb4 Qxg3 59. Qf8 Qg2+
60. Ke1 Qg1+ 61. Ke2 Qg2+ 62. Ke1 Qxf3 63. Qe8+ Kf5 64. Qd7+ Ke4 65. Qe7+ Kd3
66. Qa3+ c3 67. Qa6+ Kxe3 68. Qe6+ Qe4 69. Qb6+ Kf3+ 70. Kd1 Qe2+ 71. Kc1 Qd2+
0-1

[Event "Pobeskydi 2024"]
[Site "Frydek-Mistek, Czech Republic"]
[Date "2024.03.29"]
[Round "3.7"]
[White "Trojan, Matyas"]
[Black "Brejnik, Gustav"]
[Result "0-1"]
[WhiteElo "1971"]
[BlackElo "2265"]
[PlyCount "76"]
[EventDate "2024.??.??"]

1. e4 c6 2. d4 d5 3. e5 Bf5 4. Nf3 e6 5. a3 Nd7 6. c4 dxc4 7. Bxc4 Ne7 8. Nc3
Nb6 9. Ba2 Bg4 10. Be3 Nf5 11. O-O Nh4 12. Kh1 h6 13. Rg1 Qd7 14. Ne4 Bxf3 15.
gxf3 Nd5 16. f4 Nf5 17. Qf3 Be7 18. Ng3 Nh4 19. Qe4 O-O-O 20. Rac1 Kb8 21. Bb1
g6 22. b4 Ka8 23. Rgd1 f5 24. exf6 Nxf6 25. Qd3 Qd5+ 26. Ne4 Qh5 27. Nd2 Nf3
28. Nxf3 Qxf3+ 29. Kg1 g5 30. Bd2 Qg4+ 31. Qg3 Qh5 32. Kf1 Rxd4 33. fxg5 hxg5
34. Qxg5 Qh3+ 35. Ke2 Nd5 36. Qg3 Qh5+ 37. Kf1 Rg4 38. Qd3 Rhg8 0-1

[Event "Pobeskydi 2024"]
[Site "Frydek-Mistek, Czech Republic"]
[Date "2024.03.29"]
[Round "3.1"]
[White "Mica, Marek"]
[Black "Stevik, Patrik"]
[Result "1/2-1/2"]
[WhiteElo "2368"]
[BlackElo "2167"]
[PlyCount "120"]
[EventDate "2024.??.??"]

1. d4 d5 2. c4 e6 3. Nf3 c5 4. cxd5 exd5 5. g3 Nf6 6. Bg2 Nc6 7. O-O Be7 8. Nc3
O-O 9. Bg5 c4 10. Ne5 Be6 11. Nxc6 bxc6 12. b3 h6 13. Bxf6 Bxf6 14. Na4 Be7 15.
Qc2 Rc8 16. bxc4 dxc4 17. Rfd1 Qa5 18. Nb2 Qa6 19. e3 Rfd8 20. a4 Bb4 21. a5
Qb5 22. Na4 Qh5 23. a6 c5 24. Bb7 Rb8 25. Nxc5 Bxc5 26. dxc5 Qxc5 27. Qc3 Qb6
28. Rd4 Rxd4 29. Qxd4 Qxd4 30. exd4 Rd8 31. Rd1 Bg4 32. f3 Bf5 33. Kf2 Bd3 34.
d5 Re8 35. g4 Kf8 36. d6 Rd8 37. Bd5 Bc2 38. Rc1 Rxd6 39. Bxc4 Ba4 40. Rb1 Bc6
41. Ke3 Ke7 42. Rb8 Rd8 43. Rb1 Kd6 44. Rd1+ Kc7 45. Rxd8 Kxd8 46. Bxf7 Bb5 47.
h4 Ke7 48. Bg6 Bxa6 49. g5 Bc4 50. f4 a5 51. Kd4 Bb3 52. Kc3 Bd5 53. f5 hxg5
54. hxg5 Kd6 55. Be8 Be4 56. f6 gxf6 57. gxf6 Ke6 58. f7 Ke7 59. Kb3 a4+ 60.
Kxa4 Bc6+ 1/2-1/2

[Event "Pobeskydi 2024"]
[Site "Frydek-Mistek, Czech Republic"]
[Date "2024.03.29"]
[Round "3.6"]
[White "Jires, Jiri"]
[Black "Fizer, Marek"]
[Result "1/2-1/2"]
[WhiteElo "2153"]
[BlackElo "2058"]
[PlyCount "116"]
[EventDate "2024.??.??"]

1. e4 c5 2. Nf3 d6 3. d4 cxd4 4. Nxd4 Nf6 5. Nc3 a6 6. f4 e6 7. Qf3 Qc7 8. Be3
b5 9. a3 Bb7 10. g4 d5 11. e5 Nfd7 12. Bd3 Nc6 13. Nce2 g5 14. Nxc6 Bxc6 15.
Nd4 Bg7 16. O-O gxf4 17. Bxf4 O-O-O 18. Rfe1 Bb7 19. Qe2 f6 20. Qf2 fxe5 21.
Nxe6 Qd6 22. Nxd8 Rxd8 23. Bg3 Rf8 24. Bf5 d4 25. Qe2 Rxf5 26. gxf5 Qd5 27. Rf1
Bh6 28. Kf2 Nf6 29. Rad1 Qc5 30. Ke1 Be3 31. Rd3 Be4 32. Qxe3 Qxc2 33. Rc3+
dxc3 34. Qxc3+ Qxc3+ 35. bxc3 Bd3 36. Bxe5 Bxf1 37. Kxf1 Ng4 38. Bf4 Kd7 39.
Ke2 Kc6 40. Kf3 Nf6 41. Be5 Nd5 42. Ke4 Nb6 43. f6 Kd7 44. Kf5 Nc4 45. Bd4 Nd6+
46. Kg5 Nf7+ 47. Kf5 Kd6 48. Be3 Kd5 49. Bf4 a5 50. h4 a4 51. h5 Nd8 52. Bh6
Nf7 53. Bf8 Nd8 54. Bb4 Nf7 55. Be7 Nh6+ 56. Kg5 Nf7+ 57. Kf5 Nh6+ 58. Kf4 Nf7
1/2-1/2

[Event "Pobeskydi 2024"]
[Site "?"]
[Date "2024.03.29"]
[Round "3.9"]
[White "Sulcova, Tereza Radmila"]
[Black "Koubova, Anna Marie"]
[Result "0-1"]
[WhiteElo "1835"]
[BlackElo "2113"]
[PlyCount "56"]
[EventDate "2024.03.28"]

1. b3 e6 2. Bb2 d5 3. e3 Nf6 4. Nf3 Bd6 5. c4 dxc4 6. bxc4 c5 7. Be2 O-O 8. O-O
b6 9. Ne5 Bb7 10. Bf3 Qc7 11. Bxb7 Qxb7 12. Na3 Nbd7 13. Nxd7 Nxd7 14. Nb5 Be5
15. d4 Bf6 16. Rb1 Rfd8 17. Qg4 cxd4 18. exd4 Nf8 19. Ba3 Rac8 20. c5 Qa6 21.
Rfd1 Qa4 22. Rb4 Qc2 23. Nxa7 bxc5 24. Rb7 Bxd4 25. Rf1 Rb8 26. Rxb8 Rxb8 27.
Nc6 Qxf2+ 28. Rxf2 Rb1+ 0-1

[Event "Pobeskydi 2024"]
[Site "?"]
[Date "2024.03.29"]
[Round "3.10"]
[White "Zimny, Jakub"]
[Black "Orzechowski, Jacek"]
[Result "1-0"]
[WhiteElo "1826"]
[BlackElo "2067"]
[PlyCount "41"]
[EventDate "2024.03.28"]

1. e4 Nc6 2. Nf3 d6 3. d4 Nf6 4. Nc3 Bg4 5. Be3 e6 6. h3 Bh5 7. g4 Bg6 8. d5
exd5 9. exd5 Nb8 10. Qd4 c5 11. dxc6 Nxc6 12. Bb5 a6 13. Bxc6+ bxc6 14. O-O-O
Be7 15. h4 h5 16. g5 c5 17. Qa4+ Nd7 18. Bxc5 Qc7 19. Ba3 Rc8 20. Rhe1 Kf8 21.
Rxe7 1-0

[Event "Pobeskydi 2024"]
[Site "?"]
[Date "2024.03.29"]
[Round "3.11"]
[White "Boff, Ondrej"]
[Black "Zezula, Jakub"]
[Result "0-1"]
[WhiteElo "1819"]
[BlackElo "2031"]
[PlyCount "74"]
[EventDate "2024.03.28"]

1. e4 e5 2. Bc4 Nf6 3. d3 c6 4. Nf3 d5 5. Bb3 a5 6. a3 a4 7. Ba2 Bd6 8. O-O Be6
9. Re1 Nbd7 10. Nc3 O-O 11. h3 Bb8 12. Bg5 Re8 13. Qc1 d4 14. Ne2 Bxa2 15. Rxa2
Bd6 16. Ng3 c5 17. Nf5 Bf8 18. Nd2 h6 19. Bh4 g6 20. Bxf6 Qxf6 21. Ng3 b5 22.
Qd1 Qe6 23. Ra1 c4 24. Nf3 Nc5 25. Rc1 Rac8 26. Re2 Bg7 27. Nh4 Qf6 28. Nf3 Ne6
29. Re1 Nf4 30. Ne2 Nxh3+ 31. Kf1 Nf4 32. Nxf4 Qxf4 33. Qd2 Qxd2 34. Nxd2 h5
35. Ke2 Bh6 36. c3 cxd3+ 37. Kxd3 dxc3 0-1

[Event "Pobeskydi 2024"]
[Site "?"]
[Date "2024.03.29"]
[Round "3.12"]
[White "Staniczek, Kacper"]
[Black "Marjanovic, Alex"]
[Result "1/2-1/2"]
[WhiteElo "1729"]
[BlackElo "2020"]
[PlyCount "78"]
[EventDate "2024.03.28"]

1. e4 c5 2. Nf3 Nc6 3. d4 cxd4 4. Nxd4 g6 5. Nc3 Bg7 6. Be3 Nf6 7. Bc4 Qa5 8.
O-O O-O 9. h3 d6 10. Bb3 Bd7 11. Re1 Nxd4 12. Bxd4 Bc6 13. Nd5 Bxd5 14. exd5
Rfe8 15. Bc3 Qc5 16. Qd2 Nd7 17. Bxg7 Kxg7 18. Re4 a5 19. Rae1 Nf6 20. Rc4 Qb5
21. Qd4 Qd7 22. a4 Rec8 23. Rc3 Rxc3 24. Qxc3 Kf8 25. Re3 b5 26. Qd4 Rc8 27.
axb5 Qxb5 28. Rc3 Rc5 29. g3 Qb4 30. Qxb4 axb4 31. Rc4 Rxc4 32. Bxc4 Ke8 33.
Kf1 Kd8 34. Ke2 Kc7 35. Kd3 Kb6 36. Kd4 Nd7 37. f4 h5 38. h4 Nf6 39. Bd3 Ng4
1/2-1/2

[Event "Pobeskydi 2024"]
[Site "?"]
[Date "2024.03.29"]
[Round "3.13"]
[White "Mrazik, Tomas"]
[Black "Simajchl, Adam"]
[Result "1-0"]
[WhiteElo "2013"]
[BlackElo "1776"]
[PlyCount "89"]
[EventDate "2024.03.28"]

1. Nf3 c5 2. e4 Nc6 3. c4 d6 4. d4 cxd4 5. Nxd4 e5 6. Nc2 Be6 7. Nc3 g6 8. Be2
Bg7 9. Nb5 Bf8 10. O-O a6 11. Nc3 Bg7 12. Be3 Nf6 13. Qd2 Ng4 14. Bxg4 Bxg4 15.
f3 Be6 16. b3 h5 17. Rfd1 Bf8 18. Bg5 f6 19. Be3 Kf7 20. Qf2 Qe7 21. Bb6 Kg7
22. Ne3 Rc8 23. f4 exf4 24. Qxf4 Ne5 25. Ned5 Qf7 26. Rf1 Bxd5 27. exd5 Be7 28.
Ne4 Rhf8 29. Bd4 Qe8 30. a4 Qd8 31. a5 Qd7 32. h3 g5 33. Qe3 Rce8 34. Ng3 Kg6
35. Bxe5 fxe5 36. Qe4+ Kh6 37. Nf5+ Rxf5 38. Qxf5 Qxf5 39. Rxf5 Rf8 40. Rxf8
Bxf8 41. Rf1 Kg7 42. g4 h4 43. Rf5 Be7 44. Kf2 Bd8 45. b4 1-0

[Event "Pobeskydi 2024"]
[Site "?"]
[Date "2024.03.29"]
[Round "3.14"]
[White "Majcher, Igor"]
[Black "Sikora, Jan"]
[Result "1-0"]
[WhiteElo "1858"]
[BlackElo "2142"]
[PlyCount "89"]
[EventDate "2024.03.28"]

1. e4 c5 2. Nf3 d6 3. d4 cxd4 4. Nxd4 Nf6 5. f3 Nc6 6. c4 Qb6 7. Nc2 e6 8. Nc3
Be7 9. Bd3 O-O 10. Be3 Qc7 11. f4 Rd8 12. O-O d5 13. cxd5 exd5 14. Nxd5 Nxd5
15. exd5 Nb4 16. Nxb4 Bxb4 17. Kh1 Qa5 18. Qb3 Be7 19. Be4 Qb4 20. Qd3 h6 21.
a3 Qd6 22. b4 b6 23. Bd4 Bf6 24. Rac1 Bxd4 25. Qxd4 Bb7 26. Bf3 Rac8 27. h3
Rxc1 28. Rxc1 Rd7 29. Re1 Rd8 30. Kg1 a5 31. bxa5 bxa5 32. Rb1 Ba8 33. a4 Qg6
34. Re1 Qg3 35. Qd2 Bc6 36. Qxa5 Ra8 37. Qb4 Rxa4 38. Qb8+ Kh7 39. Qb1+ g6 40.
dxc6 Rxf4 41. Rf1 Rc4 42. Qb3 Qf4 43. Qb2 Qe3+ 44. Qf2 Qxf2+ 45. Rxf2 1-0

[Event "Pobeskydi 2024"]
[Site "?"]
[Date "2024.03.29"]
[Round "3.15"]
[White "Tolmacevs, Artjoms"]
[Black "Nespora, Tatana"]
[Result "1-0"]
[WhiteElo "2028"]
[BlackElo "1839"]
[PlyCount "83"]
[EventDate "2024.03.28"]

1. e4 c5 2. Nf3 Nc6 3. d4 cxd4 4. Nxd4 Nf6 5. Nc3 e5 6. Ndb5 d6 7. Bg5 a6 8.
Na3 b5 9. Nab1 Be7 10. Bxf6 Bxf6 11. a4 bxa4 12. Nd2 O-O 13. Nc4 Be7 14. Nd5
Nd4 15. c3 Nb5 16. Bd3 Bb7 17. Ncb6 Rb8 18. Rxa4 Nc7 19. Qc2 f5 20. Bc4 Kh8 21.
exf5 Nxd5 22. Nxd5 Qd7 23. O-O Bxd5 24. Bxd5 Rxb2 25. Qxb2 Qxa4 26. c4 Rxf5 27.
Ra1 Qd7 28. Rxa6 Rf8 29. Qc2 Qc7 30. g3 Qc5 31. Ra2 Bd8 32. Ra8 Be7 33. Rxf8+
Bxf8 34. Qf5 Be7 35. Qf7 Qc8 36. Qxe7 Qb8 37. Kg2 h6 38. Qe6 Qf8 39. Be4 g5 40.
Qg6 Qg7 41. Qxd6 Qf7 42. Qxh6+ 1-0

[ePGN "0.1;DGT LiveChess/2.2.6"]

[Event "Pobeskydi 2024"]
[Site "Frydek-Mistek, Czech Republic"]
[Date "2024.03.29"]
[Round "4.7"]
[White "Fizer, Marek"]
[Black "Mrazik, Tomas"]
[Result "1-0"]
[WhiteElo "2058"]
[BlackElo "2013"]
[PlyCount "69"]
[EventDate "2024.??.??"]

1. e4 c5 2. Nc3 g6 3. f4 Bg7 4. Nf3 d6 5. Bc4 Nf6 6. d3 O-O 7. O-O Nc6 8. Qe1
a6 9. a3 b5 10. Ba2 Qb6 11. h3 Nd4 12. e5 Nxc2 13. Qf2 Nxa1 14. exf6 exf6 15.
Be3 a5 16. d4 c4 17. Rxa1 Re8 18. Rc1 Bb7 19. f5 b4 20. Ne2 d5 21. Ng3 Qd6 22.
Nh2 bxa3 23. bxa3 Qxa3 24. Re1 Re7 25. Ng4 Rae8 26. Bb1 h5 27. fxg6 hxg4 28.
gxf7+ Kxf7 29. Nf5 Rxe3 30. Nxe3 gxh3 31. Qg3 h2+ 32. Kxh2 Rh8+ 33. Kg1 Rc8 34.
Qg6+ Kf8 35. Nf5 1-0

[Event "Pobeskydi 2024"]
[Site "Frydek-Mistek, Czech Republic"]
[Date "2024.03.29"]
[Round "4.4"]
[White "Brejnik, Gustav"]
[Black "Zimny, Jakub"]
[Result "1-0"]
[WhiteElo "2265"]
[BlackElo "1826"]
[PlyCount "37"]
[EventDate "2024.??.??"]

1. d4 d5 2. c4 c6 3. Nf3 Bf5 4. cxd5 cxd5 5. Qb3 Qc7 6. Nc3 e6 7. Bf4 Qb6 8.
Qxb6 axb6 9. e3 Nc6 10. Bb5 Bb4 11. Ke2 Ke7 12. Rhc1 Bd6 13. Na4 Nf6 14. Nxb6
Ra5 15. a4 Na7 16. Bxd6+ Kxd6 17. b4 Rxb5 18. axb5 Nxb5 19. Ne5 1-0

[Event "Pobeskydi 2024"]
[Site "Frydek-Mistek, Czech Republic"]
[Date "2024.03.29"]
[Round "4.8"]
[White "Sigut, Ondrej"]
[Black "Bulej, Matej"]
[Result "0-1"]
[WhiteElo "1855"]
[BlackElo "2057"]
[PlyCount "64"]
[EventDate "2024.??.??"]

1. e4 c6 2. d4 d5 3. exd5 cxd5 4. Bd3 Nf6 5. Bf4 Nc6 6. c3 g6 7. Qc2 Bg7 8. Nf3
Qb6 9. Nbd2 O-O 10. O-O Nh5 11. Be3 Qc7 12. Rfe1 Bg4 13. h3 Bxf3 14. Nxf3 Rac8
15. Qd2 Rfe8 16. Bh6 f6 17. Bxg7 Kxg7 18. Re3 a6 19. Rae1 Rcd8 20. Bc2 e5 21.
dxe5 fxe5 22. Bb3 Nf6 23. R1e2 d4 24. cxd4 e4 25. Ng5 Nxd4 26. Qe1 Qf4 27. Nf7
Nxe2+ 28. Qxe2 Rd7 29. g3 Qf5 30. Qc4 Nd5 31. Qd4+ Kxf7 32. g4 Qe5 0-1

[Event "Pobeskydi 2024"]
[Site "Frydek-Mistek, Czech Republic"]
[Date "2024.03.29"]
[Round "4.6"]
[White "Zezula, Jakub"]
[Black "Koubova, Anna Marie"]
[Result "0-1"]
[WhiteElo "2031"]
[BlackElo "2113"]
[PlyCount "58"]
[EventDate "2024.??.??"]

1. e4 e6 2. d4 d5 3. Nd2 a6 4. Ngf3 c5 5. Bd3 Nc6 6. dxc5 Bxc5 7. O-O Nf6 8.
exd5 exd5 9. Re1+ Be6 10. Nb3 Bb6 11. c3 O-O 12. h3 Qd6 13. Bc2 Bxh3 14. gxh3
Qg3+ 15. Kh1 Bxf2 16. Rf1 Qxh3+ 17. Nh2 Bg3 18. Qe2 Rae8 19. Qg2 Qxg2+ 20. Kxg2
Bxh2 21. Kxh2 Re2+ 22. Kh3 Rxc2 23. Rxf6 gxf6 24. Bh6 Ne5 25. Nd4 Rxb2 26. Rg1+
Ng6 27. Bxf8 Kxf8 28. Rf1 Rxa2 29. Rxf6 Ra3 0-1

[Event "Pobeskydi 2024"]
[Site "Frydek-Mistek, Czech Republic"]
[Date "2024.03.29"]
[Round "4.5"]
[White "Lecki, Leonard"]
[Black "Jires, Jiri"]
[Result "0-1"]
[WhiteElo "2038"]
[BlackElo "2153"]
[PlyCount "102"]
[EventDate "2024.??.??"]

1. e4 c5 2. Nf3 Nc6 3. d4 cxd4 4. Nxd4 e5 5. Nb5 d6 6. N1c3 a6 7. Na3 Be6 8.
Bc4 b5 9. Bd5 Rc8 10. Bxc6+ Rxc6 11. Nd5 Bxd5 12. Qxd5 Qc8 13. c3 Nf6 14. Qd3
Qg4 15. O-O Qxe4 16. Qg3 Be7 17. f3 Qg6 18. Qxg6 hxg6 19. Nc2 d5 20. a4 O-O 21.
axb5 axb5 22. Re1 Bd6 23. Bg5 d4 24. Na3 dxc3 25. bxc3 Rb8 26. Reb1 Bc5+ 27.
Kh1 Ra6 28. Nc2 Rxa1 29. Nxa1 Nd5 30. Bd2 Nc7 31. Nb3 Bb6 32. Re1 f6 33. f4 Re8
34. Re4 Kf7 35. g3 Ke6 36. fxe5 fxe5 37. c4 Kf5 38. Rh4 g5 39. g4+ Ke4 40. Bxg5
bxc4 41. Nd2+ Kd5 42. Rh3 Ne6 43. Bh4 Rh8 44. Nf3 g5 45. Nxe5 Rxh4 46. Rxh4
gxh4 47. Nxc4 Kxc4 48. Kg2 Bd8 49. Kf3 Kd4 50. h3 Bg5 51. Kg2 Ke3 0-1

[Event "Pobeskydi 2024"]
[Site "Frydek-Mistek, Czech Republic"]
[Date "2024.03.29"]
[Round "4.1"]
[White "Mica, Marek"]
[Black "Walek, Petr"]
[Result "1/2-1/2"]
[WhiteElo "2368"]
[BlackElo "2272"]
[PlyCount "50"]
[EventDate "2024.??.??"]

1. d4 Nf6 2. c4 c5 3. d5 b5 4. cxb5 a6 5. bxa6 g6 6. Nc3 Bg7 7. Nf3 O-O 8. e4
Qa5 9. Bd2 Bxa6 10. Be2 Qb4 11. Qc2 Bxe2 12. Kxe2 e6 13. Rhc1 exd5 14. exd5 Na6
15. Be3 d6 16. Kf1 Rfb8 17. Rab1 Qb7 18. a3 Nc7 19. b4 Nfxd5 20. Nxd5 Nxd5 21.
bxc5 Qa6+ 22. Kg1 Rxb1 23. Rxb1 Nxe3 24. fxe3 Rc8 25. c6 Qxc6 1/2-1/2

[Event "Pobeskydi 2024"]
[Site "Frydek-Mistek, Czech Republic"]
[Date "2024.03.29"]
[Round "4.2"]
[White "Turcan, Richard"]
[Black "Kratochvil, Vit"]
[Result "1/2-1/2"]
[WhiteElo "2366"]
[BlackElo "2203"]
[PlyCount "68"]
[EventDate "2024.??.??"]

1. e4 c5 2. Nf3 g6 3. d4 cxd4 4. Nxd4 Nc6 5. c4 Nf6 6. Nc3 d6 7. Be2 Nxd4 8.
Qxd4 Bg7 9. Be3 O-O 10. Qd2 a5 11. O-O Bd7 12. b3 Bc6 13. f3 Nd7 14. Rab1 Nc5
15. a3 Be5 16. b4 axb4 17. axb4 Ra3 18. Nd1 Ne6 19. Nf2 Qa8 20. Rfc1 Rxe3 21.
Qxe3 Bf4 22. Qc3 Bxc1 23. Rxc1 Qa7 24. c5 dxc5 25. bxc5 h5 26. Nd3 Bb5 27. Ra1
Qb8 28. Ra5 Bxd3 29. Bxd3 Rd8 30. Rb5 Qf4 31. Bf1 Qc7 32. Qb4 Qf4 33. Qc3 Qc7
34. Qb4 Qf4 1/2-1/2

[Event "Pobeskydi 2024"]
[Site "Frydek-Mistek, Czech Republic"]
[Date "2024.03.29"]
[Round "4.3"]
[White "Stevik, Patrik"]
[Black "Swicarz, Maciej"]
[Result "1/2-1/2"]
[WhiteElo "2167"]
[BlackElo "2251"]
[PlyCount "91"]
[EventDate "2024.??.??"]

1. e3 c5 2. Nf3 Nc6 3. c4 Nf6 4. Nc3 g6 5. b3 Bg7 6. Bb2 O-O 7. d4 cxd4 8. Nxd4
Nxd4 9. Qxd4 Qa5 10. Qd2 Ne4 11. Nxe4 Qxd2+ 12. Kxd2 Bxb2 13. Rb1 Bg7 14. Nc3
Rd8 15. Bd3 b6 16. Be4 d5 17. cxd5 Bb7 18. Rbc1 Rac8 19. Ne2 f5 20. Rxc8 Bxc8
21. Bf3 e5 22. Nc3 Ba6 23. Be2 Bxe2 24. Kxe2 e4 25. Rc1 Rc8 26. Kd2 Rc5 27. d6
Kf7 28. b4 Rc6 29. Nb5 Rxc1 30. Kxc1 a6 31. Nc7 Be5 32. g3 Bxd6 33. Nxa6 Ke6
34. Kc2 Kd5 35. Kb3 b5 36. a4 Kc6 37. a5 Kd5 38. h4 Kc6 39. Kc3 Be5+ 40. Kd2
Bd6 41. Kc3 Be5+ 42. Kb3 Bd6 43. Nc5 Bxc5 44. bxc5 Kxc5 45. Ka3 b4+ 46. Kb3
1/2-1/2

[Event "Pobeskydi 2024"]
[Site "?"]
[Date "2024.03.29"]
[Round "4.9"]
[White "Kolasinski, Krzysztof"]
[Black "Majcher, Igor"]
[Result "1-0"]
[WhiteElo "2070"]
[BlackElo "1858"]
[PlyCount "93"]
[EventDate "2024.03.28"]

1. d4 Nf6 2. c4 c5 3. d5 b5 4. cxb5 a6 5. bxa6 g6 6. Nc3 Bxa6 7. Nf3 Bg7 8. e4
Bxf1 9. Kxf1 d6 10. g3 O-O 11. Kg2 Nbd7 12. a4 Qb6 13. Qe2 Qa6 14. Qc2 Rfb8 15.
Bd2 Ne8 16. Rhb1 Nc7 17. Ra3 Ra7 18. b3 Bxc3 19. Bxc3 Nb5 20. Raa1 Nxc3 21.
Qxc3 Qb7 22. Nd2 Qb4 23. Rc1 Qxc3 24. Rxc3 f6 25. h3 Kf7 26. Kf1 Rb4 27. Rc4
Rb8 28. Ke2 Ke8 29. g4 Ra6 30. Rc3 Rb4 31. f3 Kd8 32. Rc4 Rb7 33. h4 Ke8 34. f4
Rb8 35. Kd3 g5 36. hxg5 fxg5 37. Ke3 gxf4+ 38. Kxf4 Ne5 39. Rc3 Kd7 40. Nf3
Rf8+ 41. Kg3 Nxf3 42. Rxf3 Rxf3+ 43. Kxf3 Rb6 44. Ra3 e6 45. a5 Ra6 46. g5 Ke7
47. Ke3 1-0

[Event "Pobeskydi 2024"]
[Site "?"]
[Date "2024.03.29"]
[Round "4.10"]
[White "Osina, Jaromir"]
[Black "Tolmacevs, Artjoms"]
[Result "0-1"]
[WhiteElo "1826"]
[BlackElo "2028"]
[PlyCount "86"]
[EventDate "2024.03.28"]

1. d4 Nf6 2. c4 c5 3. d5 e6 4. Nc3 exd5 5. Nxd5 Nxd5 6. Qxd5 Nc6 7. Nf3 Be7 8.
e4 d6 9. Be2 Be6 10. Qd1 O-O 11. O-O Bf6 12. Rb1 Qe7 13. a3 a5 14. b3 Rfd8 15.
Qc2 Bg4 16. h3 Bh5 17. Bf4 Re8 18. Bd3 Bxf3 19. gxf3 Nd4 20. Qd1 Be5 21. Bg3
Qg5 22. Kh2 Re6 23. Rg1 Rh6 24. Bf1 Qh5 25. Bg2 Rf6 26. b4 axb4 27. axb4 h6 28.
bxc5 dxc5 29. f4 Qxd1 30. Rgxd1 Bxf4 31. e5 Rf5 32. Rxb7 Bxg3+ 33. Kxg3 Ra3+
34. Kh2 Rxf2 35. Kg1 Re2 36. Bd5 Rg3+ 37. Kf1 Rxe5 38. Bxf7+ Kh7 39. Bd5 Rf5+
40. Ke1 Rg1+ 41. Kd2 Rf2+ 42. Kc1 Rc2+ 43. Kb1 Rxd1# 0-1